| 000 | 00607nam a2200229Ia 4500 | ||
|---|---|---|---|
| 005 | 20250425160744.0 | ||
| 008 | 250425s9999 xx 000 0 und d | ||
| 020 | _a8480862629 | ||
| 041 | _aspa | ||
| 082 | _a658.18 | ||
| 100 | _aDONALD A. BALL, WENDELL H. MCCULLOCH | ||
| 245 | 0 | _aNEGOCIOS INTERNACIONALES : INTRODUCCION Y ASPECTOS ESENCIALES | |
| 250 | _a5A ED. | ||
| 260 |
_aEspaƱa _bIRWIN _c1996 |
||
| 260 | _aMADRID | ||
| 300 | _a903 | ||
| 650 | _aGESTION ESTRATEGICA | ||
| 650 | _aNEGOCIOS INTERNACIONALES | ||
| 650 | _aORGANIZACIONES INTERNACIONALES | ||
| 942 | _c01 | ||
| 010 | _a4509 | ||
| 999 |
_c195517 _d195517 |
||